01532 a2200157 45000010006000000050017000060080041000230030015000640400040000790800043001192450047001622640035002093000019002445051083002631000028013463977120260407155654.0260407a1965 arg spa dAR-UNSa-BCEJYS aAR-UNSa-BCEJYSbspacAR-UNSa-BCEJYS a913(5/6)xGeografía de Asia y Africa10aGeografía dinámicapEuropa y Oceánia 1aBuenos Aires :bKapeluszc1965 a275 p.c24 cm. aEuropa: 1. Europa en el Mundo - 2. El relieve - 3. Mares y costas - 4. El clima - 5. Consecuencias del clima: los regímenes fluviales y los dominios vegetales - 6. La población - 7. La economía de Europa - Los países mediterraneo : 8. La península Ibérica - 9. Italia - 10. Albania, Grecia y Turquía europea - Europa del Noroeste: 11. Francia: las regiones - 12. La economía francesa - 13. La Isla Británicas: sus regiones - 14. El Reino Unido : agricultura e industria - 15. El Reino Unido,potencia mundial - 16. Los países bajos - 17. Bélgica y luxemburgo - Europa del Norte : 18. Noruega, Dinamarca, Islandia - 19. Suecia y Finlandia - Europa Central y Danubiana: 20. Alemania: Las regiones - 21. La economía alemana - 22. Los pequeños estados alpinos: Suiza y Austria - 23. Polonia - 24. Checoslovaquía y Hungría - 25. Rumania y Bulgaria - 26. Yugoslavia - Unión Sovietica: 27. Unión Soviética: Los factores naturales - 28. La economía soviética - Oceanía: 29. Oceanía : Australia - 30. Oceanía : Los archipielagos - Vocabulario1 aPerpillou, Aime Vincent